000 00590nam a2200229Ia 4500
003 OSt
005 20220928135353.0
006 a|||||r|||| 00| 0
007 ta
008 220927b |||||||| |||| 00| 0 eng d
024 _a1614
037 _cTextual
040 _aSDCL
_cSDCL
_beng
041 _2eng
_aeng
082 _aX:51, L3
100 _aSchaffir Kurt H
_9490142
245 0 _aMarketing information systems
260 _c1973
700 _a Trentin H George
_9490143
942 _hX:51, L3
_cTEXL
_2CC
999 _c805433
_d805433